<?xml version="1.0" encoding="UTF-8"?>
<record
    xmlns:xsi="http://www.w3.org/2001/XMLSchema-instance"
    xsi:schemaLocation="http://www.loc.gov/MARC21/slim http://www.loc.gov/standards/marcxml/schema/MARC21slim.xsd"
    xmlns="http://www.loc.gov/MARC21/slim">

  <leader>00698nam a2200229Ia 4500</leader>
  <datafield tag="999" ind1=" " ind2=" ">
    <subfield code="c">55661</subfield>
    <subfield code="d">55661</subfield>
  </datafield>
  <controlfield tag="001">22756</controlfield>
  <controlfield tag="003">GE_BSU</controlfield>
  <controlfield tag="005">20220527133408.0</controlfield>
  <controlfield tag="008">181216s2015||||gw |||||||||||||| ||gem||</controlfield>
  <datafield tag="020" ind1=" " ind2=" ">
    <subfield code="a">9783823368779</subfield>
  </datafield>
  <datafield tag="040" ind1=" " ind2=" ">
    <subfield code="c">GE_BSU</subfield>
  </datafield>
  <datafield tag="041" ind1=" " ind2=" ">
    <subfield code="a">gem</subfield>
  </datafield>
  <datafield tag="080" ind1=" " ind2=" ">
    <subfield code="a">81'25  K-89</subfield>
  </datafield>
  <datafield tag="100" ind1=" " ind2=" ">
    <subfield code="a">Ku&#xDF;maul, Paul</subfield>
    <subfield code="9">13864</subfield>
  </datafield>
  <datafield tag="245" ind1=" " ind2=" ">
    <subfield code="a">Verstehen und &#xDC;bersetzen : </subfield>
    <subfield code="b">Ein Lehr- und Arbeitsbuch. 3. Auflage. Uberarbeitete und erweiterte Auflage /</subfield>
    <subfield code="c">Ku&#xDF;maul Paul.</subfield>
  </datafield>
  <datafield tag="264" ind1=" " ind2=" ">
    <subfield code="a">Tubingen :</subfield>
    <subfield code="b">Narr Verlag.</subfield>
    <subfield code="c">2015.</subfield>
  </datafield>
  <datafield tag="300" ind1=" " ind2=" ">
    <subfield code="a">229 p.;</subfield>
    <subfield code="b">23 cm.</subfield>
  </datafield>
  <datafield tag="653" ind1=" " ind2=" ">
    <subfield code="a">Verstehen und &#xDC;bersetzen: Ein Lehr- und Arbeitsbuch</subfield>
  </datafield>
  <datafield tag="653" ind1=" " ind2=" ">
    <subfield code="a">&#x41F;&#x435;&#x440;&#x435;&#x432;&#x43E;&#x434;</subfield>
  </datafield>
  <datafield tag="653" ind1=" " ind2=" ">
    <subfield code="a">&#x10D7;&#x10D0;&#x10E0;&#x10D2;&#x10DB;&#x10D0;&#x10DC;&#x10D8;</subfield>
  </datafield>
  <datafield tag="942" ind1=" " ind2=" ">
    <subfield code="c">BK</subfield>
    <subfield code="2">udc</subfield>
  </datafield>
  <datafield tag="952" ind1=" " ind2=" ">
    <subfield code="0">0</subfield>
    <subfield code="1">0</subfield>
    <subfield code="2">udc</subfield>
    <subfield code="4">0</subfield>
    <subfield code="6">8125_K89</subfield>
    <subfield code="7">0</subfield>
    <subfield code="9">81161</subfield>
    <subfield code="a">CPL</subfield>
    <subfield code="b">CPL</subfield>
    <subfield code="c">GEN</subfield>
    <subfield code="d">2018-12-17</subfield>
    <subfield code="g">96.00</subfield>
    <subfield code="o">81'25  K-89</subfield>
    <subfield code="p">58266</subfield>
    <subfield code="r">2018-12-17</subfield>
    <subfield code="t">58266</subfield>
    <subfield code="w">2018-12-17</subfield>
    <subfield code="y">BK</subfield>
    <subfield code="z">96 &#x10DA;.</subfield>
  </datafield>
</record>
